Territorial Distribution of Environmental Burdens in Slovakia by Regions and Districts in 2025
V článku sa analyzuje výskyt environmentálnych záťaží na území Slovenskej republiky v roku 2025. Na účely spracovania vyššie uvedenej problematiky sa použili údaje z Informačného systému o environmentálnych záťažiach. Zo získaných údajov sa vybrali údaje potrebné na spracovanie článku - a to výskyt...
Saved in:
| Main Author: | |
|---|---|
| Format: | Book Chapter |
| Language: | English |
| Subjects: | |
| Tags: |
No Tags, Be the first to tag this record!
|
MARC
| LEADER | 00000naa$a2200000$$$4500 | ||
|---|---|---|---|
| 001 | 0311542 | ||
| 005 | 20250710102206.0 | ||
| 041 | 0 | |a eng | |
| 044 | |a CZ | ||
| 245 | 1 | 0 | |a Territorial Distribution of Environmental Burdens in Slovakia by Regions and Districts in 2025 |c Júlia Rakovská |
| 520 | |a V článku sa analyzuje výskyt environmentálnych záťaží na území Slovenskej republiky v roku 2025. Na účely spracovania vyššie uvedenej problematiky sa použili údaje z Informačného systému o environmentálnych záťažiach. Zo získaných údajov sa vybrali údaje potrebné na spracovanie článku - a to výskyt environmentálnych záťaží podľa jednotlivých typov (typ A, B, C) ich hospodárenia, ako aj výskyt podľa jednotlivých krajov Slovenskej republiky a podľa okresov v rámci každého kraja v roku 2025. Uvedené údaje boli následne spracované do tabuľkových súhrnov. Z relevantných výskumných metód sa použili metódy analýzy, metódu syntézy a metódu porovnania získaných údajov. | ||
| 610 | 2 | 0 | |a záťaže environmentálne |
| 610 | 2 | 0 | |a rozdiely regionálne |
| 610 | 2 | 0 | |a okresy |
| 610 | 2 | 0 | |a udržateľnosť |
| 610 | 2 | 0 | |a rozvoj regionálny |
| 100 | 1 | |a Rakovská, Júlia, 1972- | |